Giống và kỹ thuật thâm canh cây có củ

সংরক্ষণ করুন:
গ্রন্থ-পঞ্জীর বিবরন
প্রধান লেখক: Mai, Thạch Hoàng
বিন্যাস: গ্রন্থ
ভাষা:Undetermined
প্রকাশিত: Hà Nội Nông nghiệp 2003
বিষয়গুলি:
ট্যাগগুলো: ট্যাগ যুক্ত করুন
কোনো ট্যাগ নেই, প্রথমজন হিসাবে ট্যাগ করুন!
Thư viện lưu trữ: Trung tâm Học liệu Trường Đại học Cần Thơ
LEADER 00538nam a2200193Ia 4500
001 CTU_60509
008 210402s9999 xx 000 0 und d
020 |c 16000 
082 |a 635.2 
082 |b H408 
100 |a Mai, Thạch Hoàng 
245 0 |a Giống và kỹ thuật thâm canh cây có củ 
245 0 |c Mai Thạch Hoàng 
260 |a Hà Nội 
260 |b Nông nghiệp 
260 |c 2003 
650 |a Plants, edible 
904 |i Minh,Hải 
980 |a Trung tâm Học liệu Trường Đại học Cần Thơ